01102 a2200181 45000010006000000050017000060080041000230030015000640400040000790800077001192450059001962500013002552640064002683000024003325050534003560410008008901000022008985489920260407155824.0260407a1973 arg spa dAR-UNSa-BCEJYS aAR-UNSa-BCEJYSbspacAR-UNSa-BCEJYS a141.82xSocialismo científico, comunismo, marxismo, marxismo-leninismo10aLos conceptos elementales del materialismo histórico a20a. ed. 1aBuenos Aires :bSiglo Veintiuno de Argentina Editoresc1973 axvi, 341 p.c18 cm. aPrimera parte: La estructura social - I. La producción - II. Relaciones de producción - III. Las fuerzas productivas - IV. La estructura económica de la sociedad - V. Infraestructura y superestructura - VI. Estructura ideológica - VII. Estructura jurídico-política - VIII. Modo de producción,formación social y coyuntura política - Segunda parte: Las clases sociales - IX. Las clases sociales - X. La lucha de clases - Tercera parte: La teoría marxista de la historia - XI. La teoría marxista de la historia aspa1 aHarnecker, Martha